Flags Within Flags Quiz Stats

 Plays Quiz Updated Jul 28, 2014

Support Sporcle.
Go Orange.
Score 0/8 Timer 01:00
32 Plays Today
% Correct
France
97%
Finland
88.8%
Norway
80.9%
Poland
80.8%
Netherlands
78.1%
Thailand
57.9%
Indonesia
46.9%
Monaco
45.5%

You're not logged in!

Compare scores with friends on all Sporcle quizzes.
OR
Log In

From the Vault

Tectonic Plates

by davidr

Stand back! Some of these plates move as much as 100mm....a year!
Remove Ads.
Support Sporcle.
Get the best of Sporcle when you Go Orange. This ad-free experience offers more features, more stats, and more fun while also helping to support Sporcle. Thank you for becoming a member.

Show Comments

Extras

Top Quizzes Today


Score Distribution

Your Account Isn't Verified!

In order to create a playlist on Sporcle, you need to verify the email address you used during registration. Go to your Sporcle Settings to finish the process.

Report this User

Report this user for behavior that violates our Community Guidelines.

Details: